000
00262nam a22001217a 4500
008
230703b xxu||||| |||| 00| 0 eng d
082
_a
342
_b
CKRC
100
_c
CKRC
245
_a
Katiba Mpya Inayopendekezwa
260
_c
2005
300
_a
75p
942
_2
ddc
_c
BK
999
_c
3265
_d
3265